00910nam a2200205Ia 450000500170000000800410001702000150005805000200007310000260009324000380011924500820015726000390023930000510027833600100032933700140033933800120035350502830036565000210064870000350066920231102151243.0120720s1990 hk ao 000 0 spa d a9688871516 aNC715bR87 199010aRussell, Dale eautor13aThe Black & White Booklespañol13aEl Libro del Blanco y Negroc / Dalle Russell ; traductor Emili Olcina i Aya aHong Kongb : Gustavo Gilic, 1990 a144 páginasb : ilustraciones, fotografías atexto asin medio avolumen aUtilización de la "Biblioteca del Color" Introducción al blanco y negro Ilusión óptica, proporción y textura Psicología Marketing Cultura y época Los colores Los 25 colores principales con especificaciones Los colores principales sobre tintas de fondo Aplicaciones14aCOLORvDIAGRAMAS aOlcina i Aya, Emilietraductor